Sollicitudo Rei Socialis

Guardat en:
Dades bibliogràfiques
Autor principal: Juan Pablo II (Autor)
Format: Llibre
Idioma:espanyol
Publicat: Santiago Paulinas 1988
Col·lecció:Documentos de la Iglesia
Matèries:
Etiquetes: Afegir etiqueta
Sense etiquetes, Sigues el primer a etiquetar aquest registre!

MARC

LEADER 00000nam a2200000 a 4500
001 UCW2733
003 CL-VaPUC
008 880413e19880000CL |||||||||||||||||spa|d
082 0 4 |a 262.91  |b JUA  |2 21 
100 0 |a Juan Pablo II  |e author  |9 306988 
245 1 0 |a Sollicitudo Rei Socialis 
246 1 0 |a Carta encíclica sobre la preocupacion social de la Iglesia 
300 |a 103 p 
942 |c BK 
945 |d 19880413 00:00:00  |a mfernand 
260 |a Santiago  |b Paulinas  |c 1988 
650 0 |a Iglesia católica y problemas sociales   |9 255796 
650 0 |a Documentos pontificios   |9 255642 
583 |a last modification  |c 19880413 00:00:00  |k Rodrigo Vera 
490 0 |a Documentos de la Iglesia 
999 |c 217192  |d 217190 
952 |0 0  |1 0  |4 0  |6 262_910000000000000_JUA_1988  |7 0  |8 A  |9 204046  |a BIBTEO  |b BIBTEO  |d 2019-11-15  |i 2713128  |o 262.91 JUA 1988  |p 2713128  |r 2025-01-17  |w 2019-11-15  |y BK  |k ICR 
952 |0 0  |1 0  |4 0  |6 262_910000000000000_JUA_1988  |7 0  |8 A  |9 204047  |a BIBTEO  |b BIBTEO  |d 2019-11-15  |i 2713136  |o 262.91 JUA 1988  |p 2713136  |r 2025-01-17  |w 2019-11-15  |y BK  |k ICR 
952 |0 0  |1 2  |4 0  |6 262_910000000000000_JUA_1988  |7 0  |8 A  |9 204048  |a BIBTEO  |b BIBTEO  |d 2019-11-15  |i 2713144  |o 262.91 JUA 1988  |p 2713144  |r 2019-11-15  |w 2019-11-15  |x Descarte 2019  |y BK  |k ICR 
952 |0 0  |1 2  |4 0  |6 262_910000000000000_JUA_1988  |7 0  |8 A  |9 204049  |a BIBTEO  |b BIBTEO  |d 2019-11-15  |i 2713152  |o 262.91 JUA 1988  |p 2713152  |r 2019-11-15  |w 2019-11-15  |x Descarte 2019  |y BK  |k ICR 
952 |0 0  |1 2  |4 0  |6 262_910000000000000_JUA_1988  |7 0  |8 A  |9 204050  |a BIBTEO  |b BIBTEO  |d 2019-11-15  |i 2713160  |o 262.91 JUA 1988  |p 2713160  |r 2019-11-15  |w 2019-11-15  |x Descarte 2019  |y BK  |k ICR 
952 |0 0  |1 0  |4 0  |6 262_910000000000000_JUA_1988  |7 0  |8 A  |9 204051  |a BIBTEO  |b BIBTEO  |d 2019-11-15  |i 2713179  |o 262.91 JUA 1988  |p 2713179  |r 2025-01-17  |w 2019-11-15  |y BK  |k ICR 
952 |0 0  |1 2  |4 0  |6 262_910000000000000_JUA_1988  |7 0  |8 A  |9 204052  |a BIBTEO  |b BIBTEO  |d 2019-11-15  |i 2713187  |o 262.91 JUA 1988  |p 2713187  |r 2019-11-15  |w 2019-11-15  |x Descarte 2019  |y BK  |k ICR 
952 |0 0  |1 0  |4 0  |6 262_910000000000000_JUA_1988  |7 0  |8 A  |9 204053  |a BIBTEO  |b BIBTEO  |d 2019-11-15  |i 2713195  |o 262.91 JUA 1988  |p 2713195  |r 2025-01-17  |w 2019-11-15  |y BK  |k ICR 
952 |0 0  |1 0  |4 0  |6 262_910000000000000_JUA_1988  |7 0  |8 A  |9 204054  |a BIBTEO  |b BIBTEO  |d 2019-11-15  |i 2713209  |o 262.91 JUA 1988  |p 2713209  |r 2025-01-17  |w 2019-11-15  |y BK  |k ICR 
952 |0 0  |1 0  |4 0  |6 262_910000000000000_JUA_1988  |7 0  |8 A  |9 204055  |a BIBTEO  |b BIBTEO  |d 2019-11-15  |i 2713225  |o 262.91 JUA 1988  |p 2713225  |r 2025-01-17  |w 2019-11-15  |y BK  |k ICR 
952 |0 0  |1 2  |4 0  |6 262_910000000000000_JUA_1988  |7 0  |8 A  |9 204056  |a BIBTEO  |b BIBTEO  |d 2019-11-15  |i 2713233  |o 262.91 JUA 1988  |p 2713233  |r 2019-11-15  |w 2019-11-15  |x Descarte 2019  |y BK  |k ICR 
952 |0 0  |1 0  |4 0  |6 262_910000000000000_JUA_1988  |7 0  |8 A  |9 204057  |a BIBTEO  |b BIBTEO  |d 2019-11-15  |i 2713241  |o 262.91 JUA 1988  |p 2713241  |r 2025-01-17  |w 2019-11-15  |y BK  |k ICR 
952 |0 0  |1 2  |4 0  |6 262_910000000000000_JUA_1988  |7 0  |8 A  |9 204058  |a BIBTEO  |b BIBTEO  |d 2019-11-15  |i 271325K  |o 262.91 JUA 1988  |p 271325K  |r 2019-11-15  |w 2019-11-15  |x Descarte 2019  |y BK  |k ICR 
952 |0 0  |1 2  |4 0  |6 262_910000000000000_JUA_1988  |7 0  |8 A  |9 204059  |a BIBTEO  |b BIBTEO  |d 2019-11-15  |i 2713268  |o 262.91 JUA 1988  |p 2713268  |r 2019-11-15  |w 2019-11-15  |x Descarte 2019  |y BK  |k ICR 
952 |0 0  |1 0  |4 0  |6 262_910000000000000_JUA_1988  |7 0  |8 A  |9 204060  |a BIBTEO  |b BIBTEO  |d 2019-11-15  |i 2713276  |o 262.91 JUA 1988  |p 2713276  |r 2025-01-17  |w 2019-11-15  |y BK  |k ICR 
952 |0 0  |1 0  |4 0  |6 262_910000000000000_JUA_1988  |7 0  |8 A  |9 204061  |a BIBTEO  |b BIBTEO  |d 2019-11-15  |i 2713292  |o 262.91 JUA 1988  |p 2713292  |r 2025-01-17  |w 2019-11-15  |y BK  |k ICR 
952 |0 0  |1 2  |4 0  |6 262_910000000000000_JUA_1988  |7 0  |8 A  |9 204062  |a BIBTEO  |b BIBTEO  |d 2019-11-15  |i 2713306  |o 262.91 JUA 1988  |p 2713306  |r 2019-11-15  |w 2019-11-15  |x Descarte 2019  |y BK  |k ICR 
952 |0 0  |1 2  |4 0  |6 262_910000000000000_JUA_1988  |7 0  |8 A  |9 204063  |a BIBTEO  |b BIBTEO  |d 2019-11-15  |i 2713314  |o 262.91 JUA 1988  |p 2713314  |r 2019-11-15  |w 2019-11-15  |x Descarte 2019  |y BK  |k ICR 
952 |0 0  |1 0  |4 0  |6 262_910000000000000_JUA_1988  |7 0  |8 P  |9 204064  |a BIBENE  |b BIBENE  |d 2019-11-15  |i 2713357  |o 262.91 JUA 1988  |p 2713357  |r 2025-01-15  |w 2019-11-15  |y BK  |k ICO 
952 |0 0  |1 2  |4 0  |6 262_910000000000000_JUA_1988  |7 0  |8 A  |9 204068  |a BIBTEO  |b BIBTEO  |d 2019-11-15  |i 3014029  |o 262.91 JUA 1988  |p 3014029  |r 2019-11-15  |w 2019-11-15  |x Descarte 2019  |y BK  |k ICR 
952 |0 0  |1 2  |4 0  |6 262_910000000000000_JUA_1988  |7 0  |8 A  |9 204072  |a BIBTEO  |b BIBTEO  |d 2019-11-15  |i 4246012  |o 262.91 JUA 1988  |p 4246012  |r 2019-11-15  |w 2019-11-15  |x Descarte 2019  |y BK  |k ICR